<?xml version="1.0" encoding="UTF-8"?>
<record
    xmlns:xsi="http://www.w3.org/2001/XMLSchema-instance"
    xsi:schemaLocation="http://www.loc.gov/MARC21/slim http://www.loc.gov/standards/marcxml/schema/MARC21slim.xsd"
    xmlns="http://www.loc.gov/MARC21/slim">

  <leader>00867nam a2200229 a 4500</leader>
  <controlfield tag="001">78084</controlfield>
  <controlfield tag="003">BD-RjUL</controlfield>
  <controlfield tag="005">20211209083104.0</controlfield>
  <controlfield tag="008">210316s2021    bg ||||| |||| 00| 0 ben d</controlfield>
  <datafield tag="020" ind1=" " ind2=" ">
    <subfield code="a">9789840425877</subfield>
  </datafield>
  <datafield tag="035" ind1=" " ind2=" ">
    <subfield code="a">(BD-RjUL)78310</subfield>
  </datafield>
  <datafield tag="040" ind1=" " ind2=" ">
    <subfield code="a">BD-RjUL</subfield>
    <subfield code="b">eng</subfield>
    <subfield code="c">BD-RjUL</subfield>
  </datafield>
  <datafield tag="041" ind1=" " ind2=" ">
    <subfield code="a">ben</subfield>
  </datafield>
  <datafield tag="082" ind1=" " ind2=" ">
    <subfield code="2">23</subfield>
    <subfield code="a">915.4 </subfield>
    <subfield code="b">KHA 2021</subfield>
  </datafield>
  <datafield tag="100" ind1=" " ind2=" ">
    <subfield code="a">&#x996;&#x9BE;&#x9B2;&#x9C7;&#x995;, &#x9B0;&#x9BE;&#x9B6;&#x9C7;&#x9A6;&#x9BE; </subfield>
    <subfield code="9">246128</subfield>
  </datafield>
  <datafield tag="245" ind1="1" ind2="0">
    <subfield code="a">&#x986;&#x9AE;&#x9BE;&#x9B0; &#x9A6;&#x9C7;&#x996;&#x9BE; &#x9B8;&#x9CD;&#x9AC;&#x9B0;&#x9CD;&#x997;&#x99B;&#x9CB;&#x981;&#x9AF;&#x9BC;&#x9BE; &#x9AD;&#x9C2;&#x9AE;&#x9BF; / </subfield>
    <subfield code="c">&#x9B0;&#x9BE;&#x9B6;&#x9C7;&#x9A6;&#x9BE; &#x996;&#x9BE;&#x9B2;&#x9C7;&#x995;</subfield>
  </datafield>
  <datafield tag="260" ind1=" " ind2=" ">
    <subfield code="a">&#x9A2;&#x9BE;&#x995;&#x9BE; :</subfield>
    <subfield code="b">&#x986;&#x997;&#x9BE;&#x9AE;&#x9C0; &#x9AA;&#x9CD;&#x9B0;&#x995;&#x9BE;&#x9B6;&#x9A8;&#x9C0;,&#x9E8;&#x9E6;&#x9E8;&#x9E7;</subfield>
  </datafield>
  <datafield tag="300" ind1=" " ind2=" ">
    <subfield code="a">&#x9E8;&#x9EA;&#x9ED; &#x9AA;&#x9C3;. :</subfield>
    <subfield code="b">&#x99A;&#x9BF;&#x9A4;&#x9CD;&#x9B0;&#x9B8;&#x9AE;&#x9C2;&#x9B9;,</subfield>
    <subfield code="c">&#x9E8;&#x9E8; &#x9B8;&#x9C7;&#x9AE;&#x9BF;.</subfield>
  </datafield>
  <datafield tag="651" ind1=" " ind2=" ">
    <subfield code="a">&#x9AD;&#x9BE;&#x9B0;&#x9A4;  </subfield>
    <subfield code="x">&#x9AC;&#x9B0;&#x9CD;&#x9A3;&#x9A8;&#x9BE; &#x98F;&#x9AC;&#x982; &#x9AD;&#x9CD;&#x9B0;&#x9AE;&#x9A3;&#x964; </subfield>
    <subfield code="9">246129</subfield>
  </datafield>
  <datafield tag="651" ind1=" " ind2=" ">
    <subfield code="a">India </subfield>
    <subfield code="x">Description and travel. </subfield>
    <subfield code="9">246130</subfield>
  </datafield>
  <datafield tag="942" ind1=" " ind2=" ">
    <subfield code="2">ddc</subfield>
    <subfield code="c">BK</subfield>
  </datafield>
  <datafield tag="999" ind1=" " ind2=" ">
    <subfield code="c">78084</subfield>
    <subfield code="d">78084</subfield>
  </datafield>
  <datafield tag="952" ind1=" " ind2=" ">
    <subfield code="0">0</subfield>
    <subfield code="1">0</subfield>
    <subfield code="2">ddc</subfield>
    <subfield code="4">0</subfield>
    <subfield code="7">1</subfield>
    <subfield code="8">NFIC</subfield>
    <subfield code="a">RUCL</subfield>
    <subfield code="b">RUCL</subfield>
    <subfield code="c">Reading</subfield>
    <subfield code="d">2021-03-08</subfield>
    <subfield code="e">Rasheda Khaleque</subfield>
    <subfield code="g">440.00</subfield>
    <subfield code="l">0</subfield>
    <subfield code="o">B 915.4  KHA 2021</subfield>
    <subfield code="r">2021-03-16 00:00:00</subfield>
    <subfield code="t">C-1</subfield>
    <subfield code="w">2021-12-09</subfield>
    <subfield code="y">BK</subfield>
  </datafield>
  <datafield tag="952" ind1=" " ind2=" ">
    <subfield code="0">0</subfield>
    <subfield code="1">0</subfield>
    <subfield code="2">ddc</subfield>
    <subfield code="4">0</subfield>
    <subfield code="7">0</subfield>
    <subfield code="8">NFIC</subfield>
    <subfield code="a">RUCL</subfield>
    <subfield code="b">RUCL</subfield>
    <subfield code="c">Stack</subfield>
    <subfield code="d">2021-03-08</subfield>
    <subfield code="e">Rasheda Khaleque</subfield>
    <subfield code="g">440.00</subfield>
    <subfield code="l">0</subfield>
    <subfield code="o">B 915.4  KHA 2021</subfield>
    <subfield code="r">2021-03-16 00:00:00</subfield>
    <subfield code="t">C-2</subfield>
    <subfield code="w">2021-03-16</subfield>
    <subfield code="y">BK</subfield>
  </datafield>
  <datafield tag="952" ind1=" " ind2=" ">
    <subfield code="0">0</subfield>
    <subfield code="1">0</subfield>
    <subfield code="2">ddc</subfield>
    <subfield code="4">0</subfield>
    <subfield code="7">0</subfield>
    <subfield code="8">NFIC</subfield>
    <subfield code="a">RUCL</subfield>
    <subfield code="b">RUCL</subfield>
    <subfield code="c">Stack</subfield>
    <subfield code="d">2021-03-08</subfield>
    <subfield code="e">Rasheda Khaleque</subfield>
    <subfield code="g">440.00</subfield>
    <subfield code="l">0</subfield>
    <subfield code="o">B 915.4  KHA 2021</subfield>
    <subfield code="r">2021-03-16 00:00:00</subfield>
    <subfield code="t">C-3</subfield>
    <subfield code="w">2021-03-16</subfield>
    <subfield code="y">BK</subfield>
  </datafield>
</record>
